| 000 -LEADER |
| fixed length control field |
01266nam a2200265Ia 4500 |
| 001 - CONTROL NUMBER |
| control field |
20464 |
| 003 - CONTROL NUMBER IDENTIFIER |
| control field |
GE_BSU |
| 008 - FIXED-LENGTH DATA ELEMENTS--GENERAL INFORMATION |
| fixed length control field |
181216s||||||||xx |||||||||||||| ||und|| |
| 020 ## - INTERNATIONAL STANDARD BOOK NUMBER |
| International Standard Book Number |
99940-12-92-4 |
| 040 ## - CATALOGING SOURCE |
| Transcribing agency |
GE_BSU |
| 080 ## - UNIVERSAL DECIMAL CLASSIFICATION NUMBER |
| Universal Decimal Classification number |
811.353.1'373.2 |
| 245 ## - TITLE STATEMENT |
| Title |
ქართველური ონომასტიკა. კრ. 2 |
| 245 ## - TITLE STATEMENT |
| Statement of responsibility, etc. |
რედ.: პაატა ცხადაია |
| 250 ## - EDITION STATEMENT |
| Edition statement |
თსუ-ს ახალი ქართული ენის კათედრასთან არსებ. ფარნაოზ ერთელიშვილის სახ. ონომასტიკის სამეცნ.-კვლევ. ლაბორატორია |
| 260 ## - PUBLICATION, DISTRIBUTION, ETC. |
| Place of publication, distribution, etc. |
თბილისი |
| 260 ## - PUBLICATION, DISTRIBUTION, ETC. |
| Name of publisher, distributor, etc. |
თბილ. უნ-ტის გამ-ბა |
| 260 ## - PUBLICATION, DISTRIBUTION, ETC. |
| Date of publication, distribution, etc. |
1998 |
| 300 ## - PHYSICAL DESCRIPTION |
| Extent |
361 გვ.20 სმ. |
| 520 ## - SUMMARY, ETC. |
| Summary, etc. |
ეძღვნება ფარნაოზ ერთელიშვილის დაბადებიდან 80 წლისთავს. |
| 653 ## - INDEX TERM--UNCONTROLLED |
| Uncontrolled term |
ერთელიშვილი ფარნაოზ |
| 653 ## - INDEX TERM--UNCONTROLLED |
| Uncontrolled term |
ქართველური ონომასტიკა. კრ. 2 |
| 653 ## - INDEX TERM--UNCONTROLLED |
| Uncontrolled term |
ქსეროქსი |
| 942 ## - ADDED ENTRY ELEMENTS (KOHA) |
| Koha item type |
წიგნი |